00650nam a2200169 a 450000100100000000500170001000800410002704000250006808200160009310000310010924501050014026000740024530000200031904900090033995201150034899900170046300003268920200930065758.0110725s1938 dr 000 0 spa d aDO-SdBNPbspacBNPHU axxxxbL791m1 aLlaverias, Federico91015710aMi ingreso en el Instituto de Investigaciones Históricas en torno de la primera misa en América. aCiudad Trujillo, República Dominicana :bImp."Listin Diario,c1938. a37 p. ;c24 cm. aBNPD 00107-18PDaPDbPDcOId2011-07-25iLF1l0oxxxx L791mp32689-10r2020-06-25w2020-06-25yLFPDZNo se presta c32180d32180